[Event "POL-ch sf U20"]
[Site "Poraj"]
[Date "2003.??.??"]
[Round "4"]
[White "Robaszek, Janusz"]
[Black "Ejsmont, Krzysztof"]
[Result "0-1"]
[WhiteElo "2137"]
[BlackElo "2100"]
[PlyCount "80"]
[EventDate "2003.??.??"]
[EventType "swiss"]
[EventRounds "9"]
[EventCountry "POL"]
[SourceTitle "EXT 2005"]
[Source "ChessBase"]
[SourceDate "2004.11.15"]
[SourceVersion "1"]
[SourceVersionDate "2004.11.15"]
[SourceQuality "1"]

1. e4 c5 2. Nf3 Nc6 3. c3 Nf6 4. e5 Nd5 5. d4 cxd4 6. cxd4 d6 7. Nc3 dxe5 8. dxe5 Nxc3 9. Qxd8+ Nxd8 10. bxc3 Bg4 11. Bb5+ Bd7 12. Bxd7+ Kxd7 13. Be3 e6 14. Ke2 Be7 15. Rhd1+ Kc7 16. Nd4 a6 17. Rab1 b5 18. c4 b4 19. c5 Rb8 20. a3 bxa3 21. Rxb8 Kxb8 22. Nc2 Nc6 23. Nxa3 Nxe5 24. Bf4 f6 25. Nc4 Kc7 26. Nxe5 fxe5 27. Bxe5+ Kc6 28. Bd6 Bf6 29. Kd3 Ra8 30. Kc4 Ra7 31. Rb1 Rb7 32. Rxb7 Kxb7 33. f3 Kc6 34. Bf8 g6 35. Bd6 Bg5 36. f4 Bf6 37. Kb4 Bd4 38. Kc4 Be3 39. g3 a5 40. Bf8 h5 0-1